How to get rich & stay rich

Bibliographic Details
Main Author: Young, Fred J. (Author)
Format: Book
Language:English
Published: Kuala Lumpur : Golden Books Centre 1999
Subjects:

MARC

LEADER 00000cam a2200000 7i4500
001 0000017622
005 20241030.0
008 061130 my eng
020 |a 9679959546 
040 |a INS   |b eng   |e rda 
090 0 0 |a HG4521   |b .Y48 1999 
100 1 |a Young, Fred J. ,   |e author 
245 1 0 |a How to get rich & stay rich   |c Fred J. Young 
264 1 |a Kuala Lumpur :   |b Golden Books Centre   |c 1999 
300 |a viii, 217 pages ;   |c 22 cm. 
336 |a text  |2 rdacontent 
337 |a unmediated  |2 rdamedia 
338 |a volume  |2 rdacarrier 
650 0 |a Finance, Personal 
650 0 |a Investments 
650 0 |a Wealth, Ethics of 
999 |a 0000017714   |b BOOK   |c Open Shelf   |e Default branch 
999 |a 0000017715   |b BOOK   |c Open Shelf   |e Default branch